Biggest Cities of the Kingdom of Germany with a Map - Statistics

General Stats
  • This quiz has been taken 159 times
  • The average score is 19 of 41
Answers on the Map
Answers color-coded by a green-red scale on the quiz's map according to % correct below.
 
Answer Stats
Population Cities % Correct
10,000 Colne (Cologne)
98%
2,000 Wenia (Vienna)
90%
2,000 Trecht (Utrecht)
86%
2,000 Strazburg (Strasbourg)
83%
2,000 Ahha (Aachen)
82%
2,000 Augustburc (Augsburg)
71%
6,000 Mettis (Metz)
71%
2,500 Luticha (Liège)
68%
1,500 Magontia (Mainz)
68%
4,000 Magathaburg (Magdeburg)
67%
1,500 Salsburc (Salzburg)
67%
6,000 Reganesburc (Regensburg)
66%
1,500 Ulma (Ulm)
64%
1,500 Treveris (Trier)
63%
2,000 Mimigardeford (Münster)
58%
1,500 Erpesfurt (Erfurt)
54%
1,000 Bunna (Bonn)
53%
1,500 Throtmennia (Dortmund)
53%
3,000 Wormazia (Worms)
50%
1,000 Halla (Halle)
44%
2,000 Wirciburg (Würzburg)
44%
1,000 Osnobrugga (Osnabrück)
43%
1,000 Pazowa (Passau)
42%
1,000 Bergheim (Heidelberg)
40%
1,000 Niumaga (Nijmegen)
40%
1,500 Spira (Speyer)
38%
1,500 Tricht (Maastricht)
37%
1,500 Pola (Pula)
35%
2,000 Cameracus (Cambrai)
27%
1,000 Vulda (Fulda)
27%
1,000 Virdunum (Verdun)
23%
1,000 Goslare (Goslar)
19%
1,000 Daventre (Deventer)
18%
5,000 Bardonwihc (Bardowick)
17%
3,000 Halverstidi (Halberstadt)
17%
2,000 Susat (Soest)
13%
1,000 Suthfene (Zutphen)
11%
1,500 Hoium (Huy)
10%
1,000 Northusun (Nordhausen)
10%
1,000 Tullum (Toul)
10%
1,000 Thiela (Tiel)
7%
No matching quizzes found
Score Distribution
Percent of People with Each Score
Percentile by Number Answered
Your Score History
You have not taken this quiz